Адгезия и процесс образования стружки при резании металлов; Современные проблемы машиностроения и приборостроения

書誌詳細
Parent link:Современные проблемы машиностроения и приборостроения.— 2003.— С. 76-77.
第一著者: Брюхов В. В.
言語:ロシア語
出版事項: 2003
主題:
フォーマット: 図書の章
KOHA link:https://koha.lib.tpu.ru/cgi-bin/koha/opac-detail.pl?biblionumber=103288

MARC

LEADER 00000naa2a2200000 4500
001 103288
005 20231031113607.0
035 |a (RuTPU)RU\TPU\book\111361 
090 |a 103288 
100 |a 20061013d2003 k y0rusy50 ca 
101 0 |a rus 
102 |a RU 
200 1 |a Адгезия и процесс образования стружки при резании металлов  |f В. В. Брюхов 
320 |a Библиогр.: 8 назв. 
463 0 |0 (RuTPU)RU\TPU\book\52825  |y 5-93629-140-5  |t Современные проблемы машиностроения и приборостроения  |o 1 Международная конференция, Томск, 24-28 сентября 2002 г.  |o Сборник трудов  |v С. 76-77.  |d 2003  |p 154 с. 
610 1 |a резание металлов 
610 1 |a стружка 
610 1 |a адгезия 
610 1 |a резание 
610 1 |a труды учёных ТПУ 
700 1 |a Брюхов  |b В. В. 
801 1 |a RU  |b 63413507  |c 20061013  |g PSBO 
942 |c BK